000 00413nam a22001337a 4500
003 SGT
020 _a8179480534
082 _a891.4309
_bU08K
100 _aकुमार, कृष्ण
245 _aउत्तर कलामृत : ग्रंथकार महाकवि कालिदास
260 _bएल्फा पब्लिकेशंस
_c2008
300 _a526
942 _2ddc
_cBK
999 _c31276
_d31276